Human rights : (Record no. 104980)

MARC details
000 -LEADER
fixed length control field 00658nam a22002057a 4500
005 - DATE AND TIME OF LATEST TRANSACTION
control field 20161206122120.0
010 ## - LCCN (DPL NO)
LC control number ENG-116752
020 ## - INTERNATIONAL STANDARD BOOK NUMBER
International Standard Book Number 9788184845327
Terms of availability 680.00
035 ## - SYSTEM CONTROL NUMBER
System control number EN-100284
037 ## - SOURCE OF ACQUISITION
Source of stock number/acquisition DBAD/PUB
082 ## - DEWEY DECIMAL CLASSIFICATION NUMBER
Classification number 341.48
100 ## - MAIN ENTRY--PERSONAL NAME
Personal name Gogoi,Chitta Ranjan
245 ## - TITLE STATEMENT
Title Human rights :
Statement of responsibility, etc by Chitta Ranjan Gogoi [and] Jyotirmoyee Baruah
Remainder of title current issues, violation [and] remedies /
260 ## - PUBLICATION, DISTRIBUTION, ETC. (IMPRINT)
Place of publication, distribution, etc New Delhi
Name of publisher, distributor, etc Regal Publications
Date of publication, distribution, etc 2016
270 ## - ADDRESS
Address F-159 Rajouri Garden
City New Delhi
Postal code 110027
300 ## - PHYSICAL DESCRIPTION
Extent xii,172p.
Dimensions 23cm(Hb)
500 ## - GENERAL NOTE
General note Includes index
700 ## - ADDED ENTRY--PERSONAL NAME
Personal name Baruah, Jyotirmoyee
942 ## - ADDED ENTRY ELEMENTS (KOHA)
Source of classification or shelving scheme Dewey Decimal Classification
Item type English Books
Classification part 341.48
Call number suffix GOG
Holdings
Withdrawn status Lost status Not for loan Collection code Home library Current library Date acquired Source of acquisition Cost, normal purchase price Full call number Barcode Copy number Cost, replacement price Koha item type
    Not For Loan Non-fiction D.B.Act.Division Bawana 06/12/2016 DBAD/PUB 680.00 341.48 GOG EN-100284 1 680.00 English Books

© Delhi Public Library
Hit Counter
free hit counter